Valores y diversidad cultural en la cultura infantil : proyecto de promoción de la lectura en el corregimiento de San Cristobal / Director Juan Pablo Hernández Carvajal (Registro nro. 48948)
[ vista simple ]
| 000 -LÍDER | |
|---|---|
| Campo fijo de descripción fija | 004330000a22001210004500 |
| 082 04 - NÚMERO DE CLASIFICACIÓN DECIMAL DEWEY | |
| Número de clasificación | Mat Biográfico H558v |
| 001 - NÚMERO DE CONTROL | |
| Campo de control | 1791 |
| 100 1# - ASIENTO PRINCIPAL--NOMBRE PERSONAL | |
| Nombre personal | Hernández Carvajal, Juan Pablo |
| 245 10 - TÍTULO | |
| Título del Material | Valores y diversidad cultural en la cultura infantil : proyecto de promoción de la lectura en el corregimiento de San Cristobal / Director Juan Pablo Hernández Carvajal |
| 260 ## - PUBLICACIÓN, DISTRIBUCIÓN, ETC. (PIE DE IMPRENTA) | |
| Lugar de publicación, distribución, etc. | Medellín : Editorial Lóguez |
| 300 ## - DESCRIPCIÓN FÍSICA | |
| Extensión | 25 P. |
| 942 ## - TIPO DE MATERIAL (KOHA) | |
| Tipo de Item KOHA | Z- Libro General BINCO |
| Estado de Material | Estado de Perdido | Volumen-Parte/Tomo | Estado de Dañado | No para Préstamo | Tomo | Biblioteca de Origen | Biblioteca Permanente | Fecha de Adquisición | Total de Préstamos | Signatura Topográfica | Código de Barras | Última vez visto | Ejemplar/Existencia | Fecha de Remplazo | Tipo de Material |
|---|---|---|---|---|---|---|---|---|---|---|---|---|---|---|---|
| Biblioteca Infantil Comunitaria BINCO | Biblioteca Infantil Comunitaria BINCO | 12/11/2008 | Mat Biográfico H558v | B32266 | 24/11/2016 | 1 | 26/01/2016 | Z- Libro General BINCO |
